[Event "Western Asia-ch U20"]
[Site "Waskaduwa"]
[Date "2025.06.07"]
[Round "4"]
[White "Mayank, Chakraborty"]
[Black "Induwara, THD Thisarindu"]
[Result "1-0"]
[WhiteElo "2457"]
[BlackElo "2024"]
[PlyCount "65"]
[EventDate "2025.06.05"]
[EventType "swiss"]
[EventRounds "9"]
[EventCountry "SRI"]
[SourceTitle "CB27_2025"]
[SourceDate "2025.07.02"]
[SourceVersion "1"]
[SourceVersionDate "2025.07.02"]
[SourceQuality "1"]

1. e4 e6 2. d4 d5 3. e5 c5 4. c3 Bd7 5. Nf3 Ne7 6. Bd3 Nbc6 7. 0-0 cxd4 8. cxd4 Nf5 9. Bxf5 exf5 10. Nc3 Be6 11. Ne2 Be7 12. Nf4 h6 13. Ne1 g5 14. Nxe6 fxe6 15. Qh5+ Kd7 16. Qd1 Qb6 17. Nc2 Rac8 18. b3 a5 19. Qe2 Qa6 20. Qd1 Qb6 21. Bb2 a4 22. Rb1 a3 23. Nxa3 Ra8 24. Nc4 dxc4 25. d5 exd5 26. e6+ Kc7 27. Bxh8 Rxh8 28. bxc4 Qd4 29. Qb3 Rb8 30. cxd5 Ne5 31. Rfd1 Qa7 32. Rbc1+ Bc5 33. d6+ 1-0

[Event "Western Asia-ch U20"]
[Site "Waskaduwa"]
[Date "2025.06.05"]
[Round "1"]
[White "Kothalawala, Ramath Hansaka"]
[Black "Mayank, Chakraborty"]
[Result "0-1"]
[WhiteElo "1822"]
[BlackElo "2457"]
[PlyCount "226"]
[EventDate "2025.06.05"]
[EventType "swiss"]
[EventRounds "9"]
[EventCountry "SRI"]
[SourceTitle "CB27_2025"]
[SourceDate "2025.07.02"]
[SourceVersion "1"]
[SourceVersionDate "2025.07.02"]
[SourceQuality "1"]

1. c4 Nf6 2. g3 g6 3. Bg2 Bg7 4. Nc3 0-0 5. e3 e5 6. Nge2 Re8 7. 0-0 c6 8. d4 e4 9. Qb3 d6 10. Bd2 h5 11. h3 Nbd7 12. Qc2 Qe7 13. a4 Nf8 14. Kh2 N8h7 15. b4 Ng5 16. Ng1 Bf5 17. Qb3 Qe6 18. d5 Qc8 19. dxc6 bxc6 20. Rad1 Nd7 21. Nce2 Ne5 22. Nf4 Nef3+ 23. Bxf3 Nxf3+ 24. Nxf3 exf3 25. h4 Be5 26. Rh1 Be4 27. Bc3 Qg4 28. Bxe5 dxe5 29. Nd3 Bf5 30. Kg1 Rad8 31. Nb2 Be6 32. Qc2 f5 33. Qc1 Rxd1+ 34. Qxd1 f4 35. exf4 exf4 36. Qd6 Bf5 37. Kf1 fxg3 38. Qxg3 Qd4 39. Kg1 Qxb2 40. Kh2 Qxb4 41. Rd1 Qxc4 42. Rd6 Qe4 43. Kg1 Qe1+ 44. Kh2 Qe5 45. Qxe5 Rxe5 46. Rd8+ Kf7 47. Ra8 Ra5 48. Kg3 Rxa4 49. Kxf3 c5 50. Rb8 a5 51. Rb7+ Ke6 52. Rb6+ Kd5 53. Rb8 Rxh4 54. Rd8+ Kc4 55. Rf8 a4 56. Kg3 Rd4 57. Ra8 h4+ 58. Kh2 Kb3 59. Rb8+ Rb4 60. Re8 c4 61. Re3+ c3 62. Re1 a3 63. f4 a2 64. Kg2 Kb2 65. Re2+ c2 66. Re1 a1N 67. Kf3 Nb3 68. Rg1 c1N 69. Rg2+ Ka3 70. Rh2 h3 71. Kg3 Nd3 72. Re2 Nxf4 73. Re7 Nh5+ 74. Kh2 Na5 75. Re3+ Rb3 76. Rxb3+ Kxb3 77. Kg1 g5 78. Kf2 g4 79. Ke3 g3 80. Kf3 g2 81. Kf2 Be4 82. Ke3 Bb7 83. Kd4 h2 84. Ke5 g1B 85. Kf5 Ng3+ 86. Kg4 Ne4 87. Kf4 Kc4 88. Ke5 Kc5 89. Ke6 h1N 90. Ke5 Kb6 91. Ke6 Kc7 92. Ke7 Bd5 93. Kf8 Bd4 94. Ke7 Be5 95. Ke8 Nb3 96. Ke7 Nbd2 97. Ke8 Nb1 98. Ke7 Nhf2 99. Ke8 Bf6 100. Kf8 Be6 101. Ke8 Nh3 102. Kf8 Ng1 103. Ke8 Kd6 104. Kf8 Nec3 105. Ke8 Bg7 106. Kd8 Bf7 107. Kc8 Kc6 108. Kd8 Bf6+ 109. Kc8 Be6+ 110. Kb8 Kb6 111. Ka8 Nd1 112. Kb8 Be5+ 113. Ka8 Bd5# 0-1

[Event "Dubai op-A 25th"]
[Site "Dubai"]
[Date "2025.06.02"]
[Round "7"]
[White "Tudor, Henry Edward"]
[Black "Mayank, Chakraborty"]
[Result "1/2-1/2"]
[WhiteElo "2376"]
[BlackElo "2436"]
[PlyCount "65"]
[EventDate "2025.05.27"]
[EventType "swiss"]
[EventRounds "9"]
[EventCountry "UAE"]
[SourceTitle "CB23_2025"]
[SourceDate "2025.06.04"]
[SourceVersion "1"]
[SourceVersionDate "2025.06.04"]
[SourceQuality "1"]

1. d4 Nf6 2. c4 e6 3. Nc3 Bb4 4. e3 0-0 5. Bd3 d5 6. Nf3 dxc4 7. Bxc4 c5 8. 0-0 b6 9. a3 Bxc3 10. bxc3 Qc7 11. Bd3 Bb7 12. c4 Nbd7 13. Bb2 Rfd8 14. Re1 Rac8 15. h3 Nf8 16. Ne5 Be4 17. Bf1 Ng6 18. Nxg6 Bxg6 19. Rc1 Ne4 20. d5 exd5 21. cxd5 Qb7 22. f3 Rxd5 23. Ba6 Qc6 24. Qb3 Rcd8 25. fxe4 Bxe4 26. Re2 Qg6 27. Bb7 c4 28. Qa4 b5 29. Qa6 R5d6 30. Qxb5 Bd3 31. Rf2 c3 32. Qe5 cxb2 33. Rxb2 1/2-1/2

[Event "Sharjah Masters-B 8th"]
[Site "Sharjah"]
[Date "2025.05.23"]
[Round "7"]
[White "Zhang, Di"]
[Black "Mayank, Chakraborty"]
[Result "1/2-1/2"]
[WhiteElo "2410"]
[BlackElo "2436"]
[PlyCount "125"]
[EventDate "2025.05.17"]
[EventType "swiss"]
[EventRounds "9"]
[EventCountry "UAE"]
[SourceTitle "CB22_2025"]
[SourceDate "2025.05.28"]
[SourceVersion "1"]
[SourceVersionDate "2025.05.28"]
[SourceQuality "1"]

1. e4 e5 2. Nf3 Nc6 3. Nc3 Nf6 4. Nd5 Nxd5 5. exd5 Nd4 6. Nxd4 exd4 7. Bc4 Qe7+ 8. Kf1 d6 9. Qf3 g6 10. d3 Bg7 11. h4 0-0 12. Bg5 Qd7 13. Re1 f6 14. Bd2 Qg4 15. Qxg4 Bxg4 16. a4 Rfe8 17. Rxe8+ Rxe8 18. f3 Bd7 19. a5 h5 20. Kf2 Kh7 21. Ra1 Bh6 22. Bxh6 Kxh6 23. Ra3 g5 24. Rb3 b6 25. hxg5+ fxg5 26. axb6 cxb6 27. Rb4 g4 28. Bb3 h4 29. fxg4 Rf8+ 30. Kg1 Rf4 31. Rc4 Rxg4 32. Kh2 a5 33. Rc7 Rg7 34. Ra7 Bg4 35. Ra6 Rb7 36. Ba4 Bd1 37. Bc6 Rb8 38. c3 Bc2 39. cxd4 Bxd3 40. Ra7 Bf5 41. g3 Kg5 42. Rf7 Rh8 43. Bd7 hxg3+ 44. Kxg3 Rh3+ 45. Kf2 Rh2+ 46. Ke3 Bg6 47. Re7 Rxb2 48. Re6 Rb3+ 49. Ke2 Bd3+ 50. Kd2 Kf4 51. Ba4 Ra3 52. Bc2 Bxc2 53. Kxc2 b5 54. Rxd6 Ke4 55. Rb6 b4 56. d6 Rc3+ 57. Kb2 Rc4 58. Ra6 Rxd4 59. Rxa5 Rxd6 60. Rb5 Rd4 61. Kb3 Kf3 62. Rxb4 Rxb4+ 63. Kxb4 1/2-1/2

[Event "Sharjah Masters-B 8th"]
[Site "Sharjah"]
[Date "2025.05.21"]
[Round "5"]
[White "Mayank, Chakraborty"]
[Black "Poormosavi, Seyed Kian"]
[Result "1-0"]
[WhiteElo "2436"]
[BlackElo "2379"]
[PlyCount "101"]
[EventDate "2025.05.17"]
[EventType "swiss"]
[EventRounds "9"]
[EventCountry "UAE"]
[SourceTitle "CB22_2025"]
[SourceDate "2025.05.28"]
[SourceVersion "1"]
[SourceVersionDate "2025.05.28"]
[SourceQuality "1"]

1. e4 c6 2. d4 d5 3. Nd2 dxe4 4. Nxe4 Nf6 5. Nxf6+ exf6 6. c3 g6 7. Bd3 a5 8. Ne2 Na6 9. 0-0 Bg7 10. Be3 0-0 11. Qd2 Nc7 12. Bh6 f5 13. Bxg7 Kxg7 14. a4 Qf6 15. Nf4 Re8 16. Rfe1 Bd7 17. Be2 Rad8 18. Nd3 b6 19. Bf3 Rxe1+ 20. Rxe1 Ne6 21. Qe3 c5 22. dxc5 f4 23. Qe4 Ng5 24. Qxf4 Nxf3+ 25. gxf3 Bxa4 26. Qxa4 Rxd3 27. cxb6 Qxf3 28. Qe4 Qxe4 29. Rxe4 Rd6 30. b4 a4 31. Re2 Rxb6 32. Ra2 Rc6 33. Ra3 h5 34. Kf1 Kf6 35. Ke2 Rc4 36. Kd3 Rh4 37. Rxa4 Rxh2 38. b5 Ke6 39. b6 Kd7 40. Rb4 Kc8 41. c4 Rxf2 42. c5 Rf5 43. c6 Rc5 44. b7+ Kb8 45. Rc4 Rxc4 46. Kxc4 h4 47. Kc5 Kc7 48. Kb5 h3 49. Ka6 h2 50. Ka7 Kxc6 51. b8Q 1-0

[Event "Asia-ch"]
[Site "Al Ain"]
[Date "2025.05.10"]
[Round "4"]
[White "Lobanov, Sergei"]
[Black "Mayank, Chakraborty"]
[Result "1-0"]
[WhiteElo "2527"]
[BlackElo "2436"]
[PlyCount "46"]
[EventDate "2025.05.07"]
[EventType "swiss"]
[EventRounds "9"]
[EventCountry "UAE"]
[SourceTitle "CB21_2025"]
[SourceDate "2025.05.21"]
[SourceVersion "1"]
[SourceVersionDate "2025.05.21"]
[SourceQuality "1"]

1. d4 Nf6 2. c4 e6 3. Nc3 Bb4 4. e3 0-0 5. Bd3 d5 6. Nf3 c5 7. 0-0 Nc6 8. cxd5 exd5 9. dxc5 Bxc5 10. h3 d4 11. Na4 b6 12. Nxc5 bxc5 13. exd4 Nxd4 14. Nxd4 cxd4 15. b3 Bb7 16. Bb2 Qd5 17. f3 Qd6 18. Qd2 Rad8 19. Rad1 Nh5 20. Be4 Ng3 21. Rfe1 Nf5 22. Qa5 Qf6 23. Bd3 Bxf3 1-0

[Event "Asia-ch Blitz"]
[Site "Al Ain"]
[Date "2025.05.10"]
[Round "4"]
[White "Pranav, V."]
[Black "Mayank, Chakraborty"]
[Result "1-0"]
[WhiteElo "2621"]
[BlackElo "2436"]
[PlyCount "49"]
[EventDate "2025.05.10"]
[EventType "swiss (blitz)"]
[EventRounds "9"]
[EventCountry "UAE"]
[SourceTitle "CB20_2025"]
[SourceDate "2025.05.14"]
[SourceVersion "1"]
[SourceVersionDate "2025.05.14"]
[SourceQuality "1"]

1. e4 e5 2. Nc3 Nf6 3. Bc4 Nxe4 4. Qh5 Nd6 5. Bb3 Nc6 6. Nb5 g6 7. Qf3 Nf5 8. Qd5 Qf6 9. Nxc7+ Kd8 10. Nxa8 Nfd4 11. c3 Ne6 12. Ne2 b6 13. d4 exd4 14. Nxd4 Ncxd4 15. cxd4 Bb4+ 16. Kf1 Qxd4 17. Bg5+ Be7 18. Bxe7+ Kxe7 19. Qxd4 Nxd4 20. Nc7 Kd6 21. Rd1 Kc5 22. Bxf7 a5 23. a3 a4 24. h4 Rf8 25. Rh3 1-0

[Event "Budapest SixDays 03 GM-B"]
[Site "Budapest"]
[Date "2025.03.28"]
[Round "7"]
[White "Mayank, Chakraborty"]
[Black "Baasansuren, Erdene"]
[Result "1-0"]
[WhiteElo "2444"]
[BlackElo "2394"]
[PlyCount "77"]
[EventDate "2025.03.24"]
[EventType "tourn"]
[EventRounds "9"]
[EventCountry "HUN"]
[EventCategory "6"]
[SourceTitle "CB14_2025"]
[SourceDate "2024.11.01"]
[SourceVersion "1"]
[SourceVersionDate "2024.11.01"]
[SourceQuality "1"]

1. e4 c5 2. Nf3 d6 3. d4 cxd4 4. Nxd4 Nf6 5. Nc3 a6 6. Be2 e5 7. Nb3 Be7 8. h4 Be6 9. f4 b5 10. g4 b4 11. Nd5 Bxd5 12. exd5 Ne4 13. g5 Qb6 14. Rf1 Ng3 15. Rf2 Nd7 16. Bg4 f5 17. gxf6 Nxf6 18. Qf3 Nxg4 19. Qxg4 Ne4 20. Rg2 Nc5 21. Be3 exf4 22. Bxc5 dxc5 23. 0-0-0 Qd6 24. Na5 Qd7 25. Qxf4 0-0-0 26. Nc6 Bd6 27. Qc4 Rdg8 28. Qxa6+ Kc7 29. Qa7+ Kc8 30. Qb6 Qc7 31. Qa6+ Kd7 32. Rf1 Bf4+ 33. Kb1 g5 34. hxg5 Re8 35. a3 bxa3 36. Qa4 a2+ 37. Ka1 Rhf8 38. Nd4+ Kc8 39. Ne6 1-0

[Event "Titled Tuesday intern op 11th Mar Early"]
[Site "Chess.com INT"]
[Date "2025.03.11"]
[Round "11"]
[White "Klukin, Kirill"]
[Black "Mayank, Chakraborty"]
[Result "1-0"]
[WhiteElo "2430"]
[BlackElo "2444"]
[PlyCount "121"]
[EventDate "2025.03.11"]
[EventType "swiss (blitz)"]
[EventRounds "11"]
[EventCountry "USA"]
[SourceTitle "CB12_2025"]
[SourceDate "2025.03.19"]
[SourceVersion "1"]
[SourceVersionDate "2025.03.19"]
[SourceQuality "1"]

1. Nf3 d5 2. e3 Nf6 3. c4 c5 4. cxd5 Nxd5 5. b3 Nc6 6. Bb2 Ndb4 7. d3 Bf5 8. e4 Bg4 9. a3 Na6 10. Be2 Nc7 11. Nbd2 Ne6 12. h3 Bh5 13. g3 f6 14. 0-0 Bf7 15. Rc1 Rc8 16. Nc4 Ned4 17. Nxd4 Nxd4 18. Bg4 Rc6 19. h4 b5 20. Nd2 e5 21. b4 Rc7 22. Bxd4 cxd4 23. Rxc7 Qxc7 24. Qc1 Bd6 25. Qxc7 Bxc7 26. Rc1 Kd8 27. Bd1 Kd7 28. Bb3 Bh5 29. Bd5 Rb8 30. Nb3 Bd6 31. Nc5+ Bxc5 32. Rxc5 Kd6 33. Rc6+ Kd7 34. Kf1 Be8 35. Ra6 Rc8 36. Rxa7+ Kd6 37. Rxg7 Rc3 38. Ke2 Rc2+ 39. Ke1 h5 40. Rg8 Bd7 41. Rg6 Ke7 42. Rg7+ Kd6 43. Rf7 f5 44. Rf6+ Ke7 45. Rf7+ Kd6 46. Rh7 f4 47. Rh6+ Ke7 48. Rxh5 Kd6 49. Rh6+ Ke7 50. gxf4 exf4 51. e5 Bg4 52. f3 Bf5 53. Be4 Bh3 54. h5 Rh2 55. Bd5 Bf5 56. Be4 Be6 57. Rh7+ Kf8 58. h6 Bg8 59. Rh8 Rh1+ 60. Kf2 Rh2+ 61. Kg1 1-0

[Event "Titled Tuesday intern op 11th Mar Early"]
[Site "Chess.com INT"]
[Date "2025.03.11"]
[Round "5"]
[White "Mayank, Chakraborty"]
[Black "Harikrishna, Pentala"]
[Result "0-1"]
[WhiteElo "2444"]
[BlackElo "2704"]
[PlyCount "100"]
[EventDate "2025.03.11"]
[EventType "swiss (blitz)"]
[EventRounds "11"]
[EventCountry "USA"]
[SourceTitle "CB12_2025"]
[SourceDate "2025.03.19"]
[SourceVersion "1"]
[SourceVersionDate "2025.03.19"]
[SourceQuality "1"]

1. d4 d5 2. c4 e6 3. Nc3 Nc6 4. Nf3 a6 5. cxd5 exd5 6. Bf4 Nf6 7. e3 Bd6 8. Bxd6 Qxd6 9. Bd3 0-0 10. h3 Ne7 11. Ne5 c5 12. 0-0 cxd4 13. exd4 Bf5 14. Re1 Rfe8 15. Rc1 Bxd3 16. Qxd3 Ng6 17. Nxg6 hxg6 18. a3 g5 19. Qf5 Qf4 20. Qd3 g6 21. Re3 Rxe3 22. Qxe3 Qxe3 23. fxe3 Rc8 24. Rf1 Kg7 25. Re1 Rc6 26. Kf1 Rb6 27. Re2 Ne4 28. Nxd5 Rd6 29. Nc3 Ng3+ 30. Kf2 Nxe2 31. Kxe2 f5 32. Kd3 Rb6 33. b4 Rc6 34. d5 Rc8 35. Kd4 Kf6 36. e4 Re8 37. d6 fxe4 38. Nxe4+ Ke6 39. Nc5+ Kxd6 40. Nxb7+ Kc6 41. Nc5 Kb5 42. a4+ Kb6 43. Ne4 Rc8 44. Nxg5 Rc2 45. g4 Ra2 46. Ke5 Rxa4 47. Kf6 Rxb4 48. Kxg6 a5 49. Nf3 a4 50. Ne1 Rc4 0-1

[Event "Titled Tuesday intern op 11th Mar Early"]
[Site "Chess.com INT"]
[Date "2025.03.11"]
[Round "7"]
[White "Mayank, Chakraborty"]
[Black "Yang, Kaiqi"]
[Result "1/2-1/2"]
[WhiteElo "2444"]
[BlackElo "2481"]
[PlyCount "149"]
[EventDate "2025.03.11"]
[EventType "swiss (blitz)"]
[EventRounds "11"]
[EventCountry "USA"]
[SourceTitle "CB12_2025"]
[SourceDate "2025.03.19"]
[SourceVersion "1"]
[SourceVersionDate "2025.03.19"]
[SourceQuality "1"]

1. Nf3 c5 2. c4 Nc6 3. g3 g6 4. Bg2 Bg7 5. 0-0 Nh6 6. Nc3 0-0 7. d3 Nf5 8. Bg5 h6 9. Bd2 d6 10. Rb1 a6 11. Qc1 Kh7 12. a3 Rb8 13. b4 cxb4 14. axb4 Bd7 15. b5 axb5 16. Nxb5 e5 17. e4 Nfd4 18. Nfxd4 Nxd4 19. Nxd4 exd4 20. Qa3 Bc6 21. Bb4 Ra8 22. Qb2 f5 23. exf5 Rxf5 24. f4 Rf7 25. Ra1 Rxa1 26. Rxa1 Re7 27. Re1 Re3 28. f5 gxf5 29. Qf2 Qg5 30. Bxd6 Rxd3 31. Bf4 Qg6 32. Bxc6 Qxc6 33. Bxh6 Rf3 34. Qe2 Kxh6 35. Qe7 Re3 36. Rxe3 dxe3 37. Qxe3+ Kg6 38. Qd3 Qe4 39. Qd6+ Bf6 40. c5 Qe1+ 41. Kg2 Qe2+ 42. Kh3 Qg4+ 43. Kg2 Qe4+ 44. Kh3 Qe5 45. Qb6 Qd5 46. Qb1 Qf3 47. Qb5 Kh6 48. Qc4 Kg6 49. Qb5 Be5 50. Qe8+ Kh6 51. Qxe5 Qf1+ 52. Kh4 Qc4+ 53. Qf4+ Qxf4+ 54. gxf4 Kg6 55. Kg3 Kh5 56. Kh3 Kg6 57. Kh4 Kh6 58. h3 Kg6 59. Kg3 Kh5 60. Kf3 Kh4 61. Kg2 Kh5 62. Kg3 Kg6 63. Kh4 Kh6 64. Kg3 Kh5 65. h4 Kg6 66. Kf3 Kh5 67. Kg3 Kg6 68. h5+ Kxh5 69. Kh3 Kg6 70. Kh4 Kh6 71. Kh3 Kh5 72. Kg3 Kg6 73. Kh4 Kh6 74. Kg3 Kg6 75. Kh4 1/2-1/2

[Event "Udaipur Kingdom of Chess op 1st"]
[Site "Udaipur"]
[Date "2024.10.25"]
[Round "6"]
[White "Mayank, Chakraborty"]
[Black "Mehta, Naitik R"]
[Result "1-0"]
[WhiteElo "2452"]
[BlackElo "2019"]
[PlyCount "177"]
[EventDate "2024.10.23"]
[EventType "swiss"]
[EventRounds "9"]
[EventCountry "IND"]
[SourceTitle "CB44_2024"]
[Source "Chessbase"]
[SourceDate "2024.10.30"]
[SourceVersion "1"]
[SourceVersionDate "2024.10.30"]
[SourceQuality "1"]

1. e4 c5 2. Nf3 d6 3. d4 cxd4 4. Nxd4 Nf6 5. Nc3 g6 6. f4 Nc6 7. Nxc6 bxc6 8. e5 dxe5 9. Qxd8+ Kxd8 10. fxe5 Nd7 11. e6 fxe6 12. Ne4 Nf6 13. Ng5 Ke8 14. Bc4 Nd5 15. Bd3 e5 16. Rf1 Nb4 17. Be4 Bf5 18. Rf2 Bxe4 19. Nxe4 Bg7 20. Nc5 Bf6 21. a3 Nd5 22. c4 Nc7 23. Bd2 Kf7 24. Bc3 Ne6 25. Nd7 Rad8 26. Rd1 Kg7 27. Bxe5 Bxe5 28. Nxe5 Rxd1+ 29. Kxd1 Nd8 30. Rd2 Kf6 31. Nd7+ Kg5 32. Nb8 Ne6 33. Nxc6 Rc8 34. Nd4 Nc5 35. Ke2 e5 36. Nf3+ Kf6 37. b4 Ne6 38. c5 a5 39. Kd3 axb4 40. axb4 Nxc5+ 41. bxc5 Rxc5 42. Rf2 h6 43. Nd2+ Ke7 44. Ne4 Ra5 45. Rc2 Ra3+ 46. Rc3 Ra2 47. Rc7+ Ke6 48. Rc6+ Kf7 49. Nd2 h5 50. g3 Ra4 51. Nc4 g5 52. Nxe5+ Ke7 53. Rh6 Ra2 54. Rxh5 Kf6 55. Ng4+ Kf5 56. Ne3+ Kg6 57. g4 Ra4 58. h3 Ra3+ 59. Ke4 Ra4+ 60. Kf3 Ra3 61. Rh8 Rb3 62. Rf8 Ra3 63. Rb8 Ra6 64. Rb3 Rc6 65. Nf5 Rc1 66. Kg3 Rg1+ 67. Kf2 Ra1 68. Rb6+ Kf7 69. Nd6+ Kg7 70. Ne4 Ra2+ 71. Ke3 Ra3+ 72. Kd4 Rxh3 73. Ke5 Ra3 74. Rd6 Ra4 75. Rd4 Ra5+ 76. Rd5 Ra4 77. Kf5 Kh6 78. Rd6+ Kg7 79. Rg6+ Kf8 80. Nxg5 Ke7 81. Rg7+ Ke8 82. Ne4 Kf8 83. Rb7 Ra8 84. g5 Ra6 85. Rd7 Ra1 86. Kg6 Ra5 87. Rd8+ Ke7 88. Rb8 Ra1 89. Nf6 1-0

[Event "Udaipur Kingdom of Chess op 1st"]
[Site "Udaipur"]
[Date "2024.10.24"]
[Round "3"]
[White "Kesavan, G."]
[Black "Mayank, Chakraborty"]
[Result "0-1"]
[WhiteElo "1780"]
[BlackElo "2452"]
[PlyCount "66"]
[EventDate "2024.10.23"]
[EventType "swiss"]
[EventRounds "9"]
[EventCountry "IND"]
[SourceTitle "CB44_2024"]
[Source "Chessbase"]
[SourceDate "2024.10.30"]
[SourceVersion "1"]
[SourceVersionDate "2024.10.30"]
[SourceQuality "1"]

1. d4 Nf6 2. Nf3 g6 3. Nc3 d5 4. Bf4 Bg7 5. e3 0-0 6. Be2 c5 7. h4 Nc6 8. Ne5 cxd4 9. exd4 Qb6 10. Nxc6 bxc6 11. Na4 Qa5+ 12. c3 h5 13. Be5 Bh6 14. b4 Qd8 15. Nc5 Ng4 16. Bxg4 Bxg4 17. f3 Bc8 18. g4 a5 19. gxh5 axb4 20. hxg6 f6 21. Bh2 bxc3 22. f4 Ra5 23. 0-0 Rxc5 24. dxc5 d4 25. Re1 Qd5 26. Rxe7 d3 27. Re3 Rd8 28. Rxd3 Qxd3 29. Qb3+ Rd5 30. Re1 Qxg6+ 31. Kf2 Qf5 32. Qxc3 Bxf4 33. Rg1+ Kf7 0-1

[Event "Udaipur Kingdom of Chess op 1st"]
[Site "Udaipur"]
[Date "2024.10.23"]
[Round "1"]
[White "Baba, SD."]
[Black "Mayank, Chakraborty"]
[Result "0-1"]
[WhiteElo "1503"]
[BlackElo "2452"]
[PlyCount "52"]
[EventDate "2024.10.23"]
[EventType "swiss"]
[EventRounds "9"]
[EventCountry "IND"]
[SourceTitle "CB44_2024"]
[Source "Chessbase"]
[SourceDate "2024.10.30"]
[SourceVersion "1"]
[SourceVersionDate "2024.10.30"]
[SourceQuality "1"]

1. e4 e5 2. Nf3 Nc6 3. Bb5 a6 4. Ba4 Nf6 5. d3 d6 6. c3 Bd7 7. Bg5 h6 8. Bxf6 Qxf6 9. Bxc6 Bxc6 10. Nbd2 g6 11. a4 Bg7 12. Nc4 0-0 13. Ne3 Qe6 14. g4 d5 15. Nd2 Rad8 16. f3 dxe4 17. dxe4 Bf6 18. h4 Qe7 19. Ng2 Rd3 20. Qc2 Qd7 21. b3 Rd8 22. Rd1 Be7 23. Ke2 Bc5 24. Nc4 Bxe4 25. Nxe5 Bxf3+ 26. Nxf3 Qe6+ 0-1